000 00988cab a22002175a 4500
001 L159286
008 160505e20160416xxk 000 0 eng d
035 _a(Sirsi) u159286
041 0 _aeng
100 1 _aHopkins, Nicholas
245 0 4 _aThe foundations of land ownership
260 _c2016
490 _aEstates Gazette
_v(1615) 16 April 2016, 105(1)
520 _aA summary of key issues being explored in a Law Commission consultation on land registration reform. Points out that the Land Registration Act 2002 covers the 86% of land which is now registered and the Law Commission is now reviewing the Act in light of experience with the Act?s operation since October 2003 with the aim being to update the Act within its existing legal framework. Responses to the consultation should be submitted by 30 June 2016.
590 _aKA
651 4 _aUnited Kingdom
690 _aLand use
_96251
690 _aPlanning and development
_96259
700 1 _aDawe, Sarah
942 _n0
999 _c84863
_d84863